Normal view
MARC view
- العناية بالام الحامل
Entry Topical Term
001 - CONTROL NUMBER
- control field: 23093
003 - CONTROL NUMBER IDENTIFIER
- control field: JO-AjAnu
005 - DATE AND TIME OF LATEST TRANSACTION
- control field: 20230606073957.0
008 - FIXED-LENGTH DATA ELEMENTS
- fixed length control field: 230606|| aca||aabn | a|a d
040 ## - CATALOGING SOURCE
- Original cataloging agency: JO-AjAnu
- Transcribing agency: JO-AjAnu
150 ## - HEADING--TOPICAL TERM
- Topical term or geographic name entry element: العناية بالام الحامل
670 ## - SOURCE DATA FOUND
- Source citation: Work cat.: (JO-AjAnu)11868: الشربجي، رياض, author 23092, الحمل والعناية بالطفل